Quizzes
Events
Quiz Creation
Community
Videos
Private Events
Remove Ads
Sign In
Join for FREE
Feedback
Dark Mode
Quiz Categories
Sports
Geography
Music
Movies
Television
Just For Fun
Miscellaneous
History
Literature
Language
Science
Gaming
Entertainment
Religion
Holiday
For Kids
Quiz Lab
Recent
Popular Today
Quiz Kudos Today
Editor Picks
Curator Picks
Quizzes by...
Day
Popularity
Type
Ratings
Length
Year
Community
Subscriptions
Recent Discussions
Orange Saloon
Badges
Playlists
Quests
Create
Leaderboards
Showdown
Live 5
Trivia Bingo
Activity
Puzzle Library
Sporcle Events
Private Events
Virtual Trivia
Globe League
Become a Host
Pub Owners
SporcleCon
Opinionation
Our Games
Videos
Blog
Mobile Apps
Partnerships
Remove Ads and Go Orange
Feedback
Miscellaneous
Crossword
General Knowledge
Baby Names
Logo
Food
Cars
Numbers
Grab Bag
University
College
Popular
Company
Slogans
Restaurants
Justice
Letter
Miscellaneous
Crossword
General Knowledge
Baby Names
Logo
Food
Cars
Numbers
Grab Bag
University
College
Popular
Company
Slogans
Restaurants
Justice
Letter
Random Quiz
Search Sporcle
×
Quiz Lab
Quiz Lab
Miscellaneous
PVP
Type in answers that appear in a list
Type in answers that appear in a list
Classic
Best Score? Go Orange.
PvP Characters Stats
Can you name the characters from the webcomic PvP?
By
Fawkes
10m
24 Questions
18 Plays
18 Plays
18 Plays
Comments
Comments
Give Quiz Kudos
Give Quiz Kudos
-
- Ratings
hide this ad
Replay
Link that replays current quiz
Next Quiz
Link to next quiz in quiz playlist
You Got
0%
They Got
Avg Score
51%
Avg Friend Score
Upgrade to see
Score Distribution
Jump to the score distribution portion of the page
Score
0/24
Timer
10:00
0
Plays Today
Hint
Character
% Correct
PvP Creative Director
Brently Irving Sienna
88.9%
PvP Intern, Troll
Skull Theodore Troll
88.9%
PvP Editor-
in-
Chief
Cole Richards
83.3%
PvP Lead Staff Writer
Jade Evelyn Fontaine-Sienna
83.3%
Founder of Powerplay Magazine
Max Powers
83.3%
PvP Columnist, Tech Support
Francis Ray Ottoman
77.8%
Cat
Scratch Fury: Destroyer of Worlds
77.8%
Butler
Butler
66.7%
Superhero
Lolbat
66.7%
PvP Columnist
Marcy Wisniewsky
55.6%
Basset Hound
Kirby
55.6%
Blind PvP Employee
Reggie Dixon
55.6%
Hint
Character
% Correct
Former PvP Employee
Robbie
50%
Former PvP Employee
Jase
50%
Lead Staff Writer's Sister
Miranda Fontaine
50%
Troll
Sheckles Montgomery Troll
44.4%
Endangered Species
Giant Panda
38.9%
Cashier, Troll's Girlfriend
Sonya Powers
27.8%
Fanboy, Ghost
Ricky Tuttle
27.8%
Dwarf
Binwin Bronzebottom
27.8%
Lead Staff Writer's Friend
Samantha Woods
22.2%
Bard
Giacomo
11.1%
Lead Staff Writer's Friend
Gwen Dawson
5.6%
Editor-
in-
Chief's Wife
Donna Richards
5.6%
Quiz Playlist
Details
Report
Send in Message
Add To Playlist
Classic:
Type in answers that appear in a list
Last Updated: Feb 16, 2017
Quiz Scoreboard
CHALLENGE
Sign Up to Join the Scoreboard
Show All
Scores
Hide
Comments
May contain spoilers
Recently Published
Decade Duel: World Leaders
by jenniferyan
History
4m
Alphabetical 'K' Countries by Flag Minefield
by ylime102
Geography
3m
Pick 6: Fruits
by JohnFran
Miscellaneous
15s
More to Explore
Quiz From the Vault
Featured Blog Post
15 Basketball Trivia Facts You Can Be March Mad About
hide this ad
You Might Also Like...
Tags
Character
PVP
Webcomic
Today's Top Quizzes in Miscellaneous
Browse Miscellaneous
hide this ad
Top Contributed Quizzes in Miscellaneous
1
Spring Months consonants
2
The JOE quick-fire general knowledge quiz: Day 166
3
Pick 6: Vegetables
4
Pick 6: Supreme Pizza
5
Four Seasons
6
The JOE quick-fire general knowledge quiz: Day 165
7
Pick 6: University Mascots
8
Guess the 'S' Things in 3 Words
9
Sporcle Acrostic Puzzle XXXV
10
Guess the 'T' Things in 3 Words
Explore More
Trending Topics
Kpop
NBA
Anime
Marvel
Crossword
Harry Potter
Disney
Puzzle
Soccer
Pokémon
WWE
Song
The Office
NFL
Country
hide this ad
More By:
Fawkes
Quiz
Plays
Rating
Category
Featured
Created
Homestuck Trolls
9,407
4.22
Miscellaneous
Aug 16, 2010
Mass Effect Trilogy Squadmates
5,834
4.95
Gaming
Apr 8, 2012
Red vs. Blue Characters
2,352
4.44
Miscellaneous
Nov 5, 2009
Worst Video Games Ever
2,302
4.00
Gaming
Jun 20, 2010
Fifth Beatles
1,546
4.33
Music
Oct 5, 2009
Go to Creator's Profile
Score Distribution
Quiz Creator Spotlight
Fawkes
Follow
Send a Message
Quizzes Created
-
Created Quiz Play Count
-
More By This Creator
Popular Quizzes Today
1
Countries of Asia Without Outlines Minefield
2
Find the US States - No Outlines Minefield
3
Pick 6: Fruits
4
Alphabetical 'K' Countries by Flag Minefield
5
The Countries of the World
6
Find the Countries of Europe - No Outlines Minefield
7
Find the US States
8
US States
More Miscellaneous Quizzes
Logos Through The Ages: Boeing
Quiz Lab
Trending Quizzes
Pick 6: Mountains
Pick 6: Harry Potter
Pick 6: Flags
Pick 6: NFL Teams
Pick 6: Movie Franchises
Recently Updated
Adaptations: Name the Title
pecheneg
NWSL Teams
pecheneg
Women's Final Four Teams by Year
bhenderson79
Presidents Quartet II
eogle
Anything But Clue(do)
eogle
Anything But Oceanian Capitals
eogle
Anything But 7
eogle
Anything But Thing
eogle
Word Ladder: February 29
pecheneg
Song Title Questions
pecheneg
Trending Topics
Kpop
Marvel
Harry Potter
Disney
Anime
NBA
Crossword
Pokémon
The Office
Song
NFL
Country
Puzzle
WWE
Soccer
Your Account Isn't Verified!
In order to create a playlist on Sporcle, you need to verify the email address you used during registration. Go to your
Sporcle Settings
to finish the process.
Report this User
Report this user for behavior that violates our
Community Guidelines
.
Details:
Send Report
Go to the Sporcle.com Mobile Site →
Comments